000
00275nam a2200109Ia 4500
008
220204s9999 xx 000 0 und d
020
_a
ISSN:05425778
082
_a
0582007
_b
MAN
245
0
_a
Manorama yearbook 2007
260
_a
Kottayam
_b
Malayala Manorama
_c
2007
942
_c
BK
999
_c
42686
_d
42686